000
00315nam a22001457a 4500
008
230831b ||||| |||| 00| 0 eng d
020
_a
2900801032409
041
_a
eng
080
_a
7
082
_a
7
100
_a
20
101
_a
ART
245
_a
REFRAMING THEOLOGY AND FILM
_c
JOHNSTON.K.R
942
_2
udc
_c
BK
999
_c
60219
_d
60219